[Event "FIN-chT 0102"]
[Site "Finland"]
[Date "2002.03.17"]
[Round "9.3"]
[White "Valkesalmi, Kimmo"]
[Black "Lampen, Timo"]
[Result "0-1"]
[WhiteElo "2368"]
[BlackElo "2314"]
[PlyCount "59"]
[EventDate "2001.09.21"]
[EventType "team-tourn"]
[EventRounds "9"]
[EventCountry "FIN"]
[SourceTitle "EXT 2022"]
[Source "ChessBase"]
[SourceDate "2021.10.06"]
[SourceVersion "1"]
[SourceVersionDate "2021.10.06"]
[SourceQuality "1"]
[WhiteTeam "Helsinki Garde"]
[BlackTeam "Joensuu SK"]
[WhiteTeamCountry "FIN"]
[BlackTeamCountry "FIN"]

1. c4 c6 2. Nf3 d5 3. b3 Nf6 4. Bb2 Nbd7 5. g3 e6 6. Bg2 Bd6 7. 0-0 0-0 8. d3 e5 9. Nc3 b6 10. cxd5 cxd5 11. Nh4 Bb7 12. Nf5 Bb8 13. d4 e4 14. Ba3 Re8 15. Qd2 Nf8 16. Rac1 g6 17. Ne3 Qd7 18. Rc2 h5 19. Ned1 Ne6 20. Bh3 Qd8 21. f4 exf3 22. exf3 Nh7 23. Bg2 h4 24. Ne2 hxg3 25. hxg3 Kg7 26. Kf2 Nhg5 27. Rh1 Rh8 28. Rxh8 Qxh8 29. Qe1 Qd8 30. Kg1 0-1

[Event "FIN-chT 0102"]
[Site "Finland"]
[Date "2001.11.17"]
[Round "4.3"]
[White "Lampen, Timo"]
[Black "Pulkkinen, Kari"]
[Result "0-1"]
[WhiteElo "2314"]
[BlackElo "2319"]
[PlyCount "112"]
[EventDate "2001.09.21"]
[EventType "team-tourn"]
[EventRounds "9"]
[EventCountry "FIN"]
[SourceTitle "EXT 2022"]
[Source "ChessBase"]
[SourceDate "2021.10.06"]
[SourceVersion "1"]
[SourceVersionDate "2021.10.06"]
[SourceQuality "1"]
[WhiteTeam "Joensuu SK"]
[BlackTeam "Espoo MatSK"]
[WhiteTeamCountry "FIN"]
[BlackTeamCountry "FIN"]

1. d4 d5 2. c4 c6 3. Nc3 Nf6 4. Nf3 e6 5. Bg5 Nbd7 6. cxd5 exd5 7. e3 Be7 8. Qc2 0-0 9. Bd3 Re8 10. h3 Nf8 11. g4 Ne4 12. Bxe7 Qxe7 13. Bxe4 dxe4 14. Nd2 f5 15. gxf5 Bxf5 16. 0-0-0 Qe6 17. Rhg1 a5 18. Rg3 a4 19. Rdg1 Re7 20. Ndxe4 Nd7 21. f3 b5 22. a3 Nb6 23. Qg2 g6 24. Re1 b4 25. axb4 a3 26. b3 Qxb3 27. Qa2 Qxa2 28. Nxa2 Bxe4 29. fxe4 Rxe4 30. Kd2 Nd5 31. Kd3 Re6 32. e4 Nb6 33. Nc3 Na4 34. Na2 Rf6 35. Re2 Rf1 36. Kc4 Rb1 37. Rgg2 Rd8 38. h4 Nb2+ 39. Kc5 Nd3+ 40. Kc4 Nf4 41. Nc3 Nxe2 42. Rxe2 Rb2 43. Re1 Rb8 44. Ra1 R2xb4+ 45. Kc5 Rb3 46. Ne2 Re3 47. Ng1 Rc3+ 48. Kd6 Rb2 49. e5 Rd2 50. e6 Rxd4+ 51. Ke7 Re3 52. Rf1 Rde4 53. Rf8+ Kg7 54. Rf7+ Kh6 55. Nf3 Rxe6+ 56. Kd7 Re7+ 0-1

[Event "FIN-chT 0102"]
[Site "Finland"]
[Date "2001.10.21"]
[Round "3.1"]
[White "Salmensuu, Olli"]
[Black "Lampen, Timo"]
[Result "1-0"]
[WhiteElo "2428"]
[BlackElo "2314"]
[PlyCount "113"]
[EventDate "2001.09.21"]
[EventType "team-tourn"]
[EventRounds "9"]
[EventCountry "FIN"]
[SourceTitle "EXT 2022"]
[Source "ChessBase"]
[SourceDate "2021.10.06"]
[SourceVersion "1"]
[SourceVersionDate "2021.10.06"]
[SourceQuality "1"]
[WhiteTeam "Jyvaskyla JyS"]
[BlackTeam "Joensuu SK"]
[WhiteTeamCountry "FIN"]
[BlackTeamCountry "FIN"]

1. e4 e5 2. d4 exd4 3. Qxd4 Nc6 4. Qe3 Nf6 5. Nc3 Be7 6. Bc4 Nb4 7. Qd2 0-0 8. Nge2 Bc5 9. 0-0 d6 10. Ng3 Ng4 11. Be2 Nxh2 12. Kxh2 Qh4+ 13. Kg1 Qxg3 14. Nb5 c6 15. c3 cxb5 16. cxb4 Bb6 17. Qf4 Qg6 18. Bxb5 Bd4 19. a4 a6 20. Be2 Re8 21. Bf3 Be5 22. Qh4 Bf6 23. Qh2 Bg4 24. Qg3 Bxf3 25. Qxg6 hxg6 26. gxf3 d5 27. exd5 Rad8 28. Rd1 Re5 29. d6 Re6 30. Bf4 g5 31. Bg3 Bxb2 32. Ra2 Bc3 33. d7 Re1+ 34. Rxe1 Bxe1 35. Re2 Rxd7 36. Rxe1 f5 37. Be5 Kf7 38. Rc1 Ke6 39. Bb2 g6 40. Re1+ Kf7 41. Re5 Rd2 42. Bc3 Rd3 43. Re3 Rd7 44. Kg2 Rc7 45. Be5 Rc4 46. Bd6 Rc2 47. Be7 Rc4 48. a5 Rd4 49. Bxg5 Rxb4 50. Re7+ Kf8 51. Rh7 Rb5 52. Bd8 Kg8 53. Rd7 Kf8 54. Bb6 Ke8 55. Rxb7 g5 56. Rg7 f4 57. Ra7 1-0

[Event "FIN-chT 0102"]
[Site "Finland"]
[Date "2001.10.20"]
[Round "2.2"]
[White "Halmeenmaki, Tuomo"]
[Black "Lampen, Timo"]
[Result "0-1"]
[WhiteElo "2190"]
[BlackElo "2314"]
[PlyCount "54"]
[EventDate "2001.09.21"]
[EventType "team-tourn"]
[EventRounds "9"]
[EventCountry "FIN"]
[SourceTitle "EXT 2022"]
[Source "ChessBase"]
[SourceDate "2021.10.06"]
[SourceVersion "1"]
[SourceVersionDate "2021.10.06"]
[SourceQuality "1"]
[WhiteTeam "Helsinki Gaia"]
[BlackTeam "Joensuu SK"]
[WhiteTeamCountry "FIN"]
[BlackTeamCountry "FIN"]

1. e4 e5 2. Nf3 Nc6 3. Bc4 Nf6 4. d3 Bc5 5. 0-0 d6 6. c3 0-0 7. b4 Bb6 8. a4 a5 9. b5 Ne7 10. Be3 Ng6 11. Qb3 Nh5 12. d4 Nhf4 13. Nbd2 Qf6 14. Rfe1 Bg4 15. Bf1 h6 16. Rac1 Rad8 17. dxe5 Nxe5 18. Nxe5 dxe5 19. Nc4 Nh3+ 20. gxh3 Bf3 21. Nxe5 Qxe5 22. Bg2 Bxg2 23. Kxg2 Qxe4+ 24. Kg1 Rd6 25. Qc2 Rg6+ 26. Kf1 Qg2+ 27. Ke2 Bxe3 0-1

[Event "FIN-chT 0001"]
[Site "Finland"]
[Date "2001.03.10"]
[Round "8.2"]
[White "Kiik, Kalle"]
[Black "Lampen, Timo"]
[Result "1/2-1/2"]
[WhiteElo "2450"]
[BlackElo "2322"]
[PlyCount "58"]
[EventDate "2000.11.07"]
[EventType "team-tourn"]
[EventRounds "9"]
[EventCountry "FIN"]
[SourceTitle "EXT 2022"]
[Source "ChessBase"]
[SourceDate "2021.10.06"]
[SourceVersion "1"]
[SourceVersionDate "2021.10.06"]
[SourceQuality "1"]
[WhiteTeam "Joensuu SK"]
[BlackTeam "Tampere Taraus"]
[WhiteTeamCountry "FIN"]
[BlackTeamCountry "FIN"]

1. Nf3 d5 2. e3 c6 3. c4 Nf6 4. b3 Bg4 5. Bb2 e6 6. h3 Bh5 7. Be2 Nbd7 8. 0-0 Bd6 9. d3 Qc7 10. Nbd2 h6 11. Rc1 0-0 12. cxd5 exd5 13. Nh4 Bxe2 14. Qxe2 Rfe8 15. Nf5 Bf8 16. Qf3 Qd8 17. e4 g6 18. Ne3 Ne5 19. Bxe5 Rxe5 20. exd5 cxd5 21. Qf4 Bd6 22. Qd4 Re6 23. Nf3 Qa5 24. Qh4 Kg7 25. Nd4 Re5 26. Qg3 Kh7 27. Qf3 Kg7 28. Qg3 Kh7 29. Qf3 Kg7 1/2-1/2